Ninth Report

Na minha lista:
Detalhes bibliográficos
Formato: Livro
Idioma:Undetermined
Publicado em: Geneva International telecommunication Union 1970
Assuntos:
Tags: Adicionar Tag
Sem tags, seja o primeiro a adicionar uma tag!
Thư viện lưu trữ: Trung tâm Học liệu Trường Đại học Cần Thơ
LEADER 00494nam a2200169Ia 4500
001 CTU_96779
008 210402s9999 xx 000 0 und d
082 |a 336.2 
082 |b N714/No.6 
245 0 |a Ninth Report 
245 0 |c International telecommunication union on telecommunication and space 
260 |a Geneva 
260 |b International telecommunication Union 
260 |c 1970 
650 |a Taxation 
904 |i Hiếu 
980 |a Trung tâm Học liệu Trường Đại học Cần Thơ